Tante famiglie : come sono, quante sono /

保存先:
書誌詳細
第一著者: Harris, Robie H. (著者)
その他の著者: Westcott, Nadine Bernard (イラストレーター)
フォーマット: 図書
言語:イタリア語
出版事項: San Dorligo della Valle : Emme, 2013
シリーズ:Parliamo di te e di me
主題:
タグ: タグ追加
タグなし, このレコードへの初めてのタグを付けませんか!

MARC

LEADER 00000nam a22000007i 4500
001 IT\ICCU\MOD\1621744
003 ItRI
005 20260115232132.0
008 131029s2013 it |||||| ||||| |||||c
020 |a 9788867141302 
040 |b ita  |c importazione bologna sebina 
041 7 |a ita  |2 ISO-639-2 
100 1 |a Harris, Robie H.  |0 IT\ICCU\VIAV\099930  |4 aut 
240 1 0 |a Who's in my family? All about our families.  |3 IT\ICCU\LO1\1495033  |9 Harris, Robie H. 
245 1 0 |a Tante famiglie :  |b  come sono, quante sono /  |c Robie H. Harris ; illustrazioni di Nadine Bernard Westcott. 
260 |a San Dorligo della Valle :  |b Emme,  |c 2013 
300 |a 1 volume :  |b in gran parte ill. ;  |c 28 cm 
650 7 |a Famiglia  |x Libri per ragazzi  |2 scbi 
700 1 |a Westcott, Nadine Bernard  |0 IT\ICCU\UBOV\740932  |4 ill 
830 0 |a Parliamo di te e di me  |0 IT\ICCU\MOD\1621419 
942 |2 ddc  |c BK  |n 0 
952 |0 0  |1 0  |4 0  |6 R_741_642000000000000_HAR  |7 0  |9 20661  |a BO  |b BO  |d 2026-01-15  |i 17303  |l 0  |o R 741.642 HAR  |p BO17303  |r 2026-01-15 23:21:32  |w 2026-01-15  |x [Sebina 5] [1 v.]  |y BK  |z 1 v. 
999 |c 17647  |d 17647